000
00299nam a2200121Ia 4500
008
190216s9999||||xx |||||||||||||| ||und||
100
_a
Dr.Ravindra Saini
245
0
_a
Business Environment
260
_b
Global Vision Pub Delhi
_c
2010
300
_a
736
650
_a
Business Environment
942
_c
BK
999
_c
7895
_d
7895